000 01804cam a2200277 4500
001 ##L133624
002 ##9086
008 060524n2005 000 0 eng u
020 _a1853289787
_a9781853289781
035 _a(Sirsi) u133624
041 0 _aeng
050 0 4 _a614.7026 $2 18
100 1 _aHellawell, Trevor
245 0 0 _aEnvironmental law handbook
250 _a6th ed.
260 _aLondon
_bLaw Society Publishing
_c2005
300 _axxv, 292p.
_c24cm.
350 _a44 95
505 2 _aEnvironmental liabilities -- Liability of specific individuals -- Contaminated land -- Interaction of contaminated land legislation with other legal regimes -- Dealing with contaminated land in legal transactions -- Sources of environmental information -- Residential property transactions -- Commercial property transactions -- Development of brownfield land -- Corporate transactions -- Funding and borrowing transactions -- Environmental insurance -- Use and engagement of environmental consultants.
520 _aProvides a succinct account of the affect of environmental law on property, financial and business transactions. This updated edition includes new precedents for lease clauses, revised chapters dealing with commercial and residential property, guidance on the reading of environmental data reports, an enhanced section on planning considerations and searches, new regulations on environmental information, standard enquiries in property transactions, and information on current developments in EU law. Contains tables of cases, statutes, statutory instruments and European legislation.
520 _aSupersedes 5th edition (ISBN 1853288918)
650 _aCONTAMINATED LAND
651 4 _aEngland and Wales
_y1543-
690 _aPlanning and development
_96259
942 _n0
999 _c105438
_d105438